| 000 | 00505nam a2200181Ia 4500 | ||
|---|---|---|---|
| 003 | GCL | ||
| 008 | 140319s9999 xx 000 0 eng d | ||
| 040 |
_aGCL / _cGCL |
||
| 082 | 0 | 4 |
_a892.3 _bB M |
| 100 | 1 | _aBERQUE, JACQUES | |
| 245 | 1 | 0 |
_aMUSIQUES SUR LE FLEUVE: LES PLUS BELLES PAGES DU KITAB AL - AGHANI / _cBERQUE, JACQUES |
| 260 |
_a[S.N] : _bALBIN MICHEL, S.A ، _c1995 |
||
| 300 | _a444 P | ||
| 650 | 0 | 4 | _aLITERATURE |
| 650 | 0 | 4 | _aARABIC LITERATURE |
| 650 | 0 | 4 | _aARABIC POETRY |
| 942 |
_2ddc _cBK |
||
| 999 |
_c15380 _d15380 |
||